000 00251nam a2200109Ia 4500
005 20251222143235.0
008 251222s9999||||xx |||||||||||||| ||spa||
082 _a610.734.3/S26
100 _aSarmiento, Rosa
245 0 _aInforme Final:
942 _cLIB
999 _c14361
_d14361